[Event "Druzynowe Mistrzostwa Polski Niewidomych i Slabowidzacych w Szachach"]
[Site "Wielspin Wagrowiec"]
[Date "1899-12-30"]
[Round "2.14"]
[White "Wolanski, Michal"]
[Black "Wojcieszyn, Zdzislaw"]
[Result "1-0"]
[WhiteTitle "I++"]
[BlackTitle "k"]
[WhiteElo "1876"]
[BlackElo "1904"]

1. c4 c5 2. g3 g6 3. Bg2 Bg7 4. Nc3 Nc6 5. a3 Nf6 6. Rb1 a5 7. Nf3 O-O 8. O-O d6
9. Ne1 Be6 10. d3 Qd7 11. Nc2 Bh3 12. b4 Bxg2 13. Kxg2 axb4 14. axb4 b6 15. Bg5
e6 16. e4 h6 17. Bd2 d5 18. bxc5 bxc5 19. cxd5 exd5 20. exd5 Nxd5 21. Ne4 Qe7
22. Ne3 Ndb4 23. Bxb4 Nxb4 24. Qb3 Bd4 25. Nd5 Nxd5 26. Qxd5 Rfd8 27. Qc4 Kg7
28. Rb5 Rac8 29. Rfb1 Rc7 30. Rb8 Rxb8 31. Rxb8 Rb7 32. Rxb7 Qxb7 33. Kf1 Qc6
34. Qc2 f5 35. Nc3 Qh1+ 36. Ke2 Qxh2 37. Nd1 Qh5+ 38. Ke1 Qh1+ 39. Ke2 Qg2 40.
Ne3 Qh2 41. Qa4 Qh1 42. Qd7+ Kg8 43. Qd8+ 1-0

[Event "Druzynowe Mistrzostwa Polski Niewidomych i Slabowidzacych w Szachach"]
[Site "Wielspin Wagrowiec"]
[Date "1899-12-30"]
[Round "2.15"]
[White "Grzywacz, Ryszard"]
[Black "Filipiak, Rajmund"]
[Result "1/2-1/2"]
[WhiteTitle "I"]
[BlackTitle "II+"]
[WhiteElo "1704"]
[BlackElo "1693"]

1. e4 c6 2. d4 d5 3. Nc3 dxe4 4. Nxe4 Nf6 5. Nxf6+ gxf6 6. Be3 Bf5 7. Bd3 Nd7 8.
Bxf5 Qa5+ 9. Qd2 Qxf5 10. Ne2 e6 11. O-O-O Nb6 12. Ng3 Qd5 13. Kb1 a5 14. f3 a4
15. Ne4 Be7 16. Nc3 Qc4 17. b3 Qa6 18. d5 Nxd5 19. Nxd5 cxd5 20. b4 a3 21. Qc3
Qb5 22. Bd2 O-O 23. Qd4 Kh8 24. Rhe1 Rfc8 25. Bg5 Rc4 26. Bxf6+ Kg8 27. Qe5 Qxb4+
28. Kc1 Qb2+ 29. Qxb2 axb2+ 30. Bxb2 Rxa2 31. Kb1 Ra6 32. Rd3 Rb6 33. Ree3 Bg5
34. Ra3 Rxb2+ 35. Kxb2 Bxe3 36. Rxe3 Kg7 37. Rb3 Rc7 38. Rb4 f5 39. Rb6 Kf6 40.
g3 h5 41. Kc1 1/2-1/2

[Event "Druzynowe Mistrzostwa Polski Niewidomych i Slabowidzacych w Szachach"]
[Site "Wielspin Wagrowiec"]
[Date "1899-12-30"]
[Round "2.16"]
[White "Barnowski, Sylwester"]
[Black "Pawlik, Tomasz"]
[Result "1/2-1/2"]
[WhiteTitle "I"]
[BlackTitle "II+"]
[WhiteElo "1776"]
[BlackElo "1658"]

1. e4 e5 2. d4 exd4 3. Qxd4 Nc6 4. Qe3 Nf6 5. Nc3 Bb4 6. Bd2 O-O 7. O-O-O Re8 8.
Bc4 Na5 9. Bd3 d5 10. Qg5 h6 11. Qh4 d4 12. Nb1 Bxd2+ 13. Nxd2 c5 14. Ngf3 Nc6
15. h3 Nb4 16. Bc4 b5 17. Bxb5 Nxa2+ 18. Kb1 Nc3+ 19. bxc3 Qb6 20. Kc1 Qxb5 21.
c4 Qb4 22. e5 Rb8 23. Nb3 Qxc4 24. Nfd2 Qc3 25. exf6 Rxb3 26. Nxb3 Bf5 27. Rd2
c4 28. Qg3 Qxg3 29. fxg3 cxb3 30. cxb3 d3 31. fxg7 Kxg7 32. g4 Be4 1/2-1/2

[Event "Druzynowe Mistrzostwa Polski Niewidomych i Slabowidzacych w Szachach"]
[Site "Wielspin Wagrowiec"]
[Date "1899-12-30"]
[Round "2.17"]
[White "Binkowski, Kazimierz"]
[Black "Traczyk, Tadeusz"]
[Result "1/2-1/2"]
[WhiteTitle "II"]
[BlackTitle "I"]
[WhiteElo "1567"]
[BlackElo "1811"]

1. c4 e5 2. Nc3 Nf6 3. Nf3 Nc6 4. g3 Bc5 5. Bg2 e4 6. Ng5 Bxf2+ 7. Kxf2 Ng4+ 8.
Ke1 Qxg5 9. Nxe4 Qd8 10. d4 d6 11. h3 Nf6 12. Bg5 h6 13. Bxf6 gxf6 14. g4 f5 15.
gxf5 Bxf5 16. h4 Bxe4 17. Bxe4 Qd7 18. e3 O-O-O 19. Qf3 Qe8 20. Bxc6 Qxc6 21.
Qxc6 bxc6 22. Kd2 Kd7 23. Rhf1 Rdf8 24. Rf6 Ke7 25. Raf1 Rh7 26. h5 Rg8 27. R6f5
Rg5 28. a4 Rhg7 29. Kc3 Rxf5 30. Rxf5 f6 31. Ra5 Rg5 1/2-1/2

[Event "Druzynowe Mistrzostwa Polski Niewidomych i Slabowidzacych w Szachach"]
[Site "Wielspin Wagrowiec"]
[Date "1899-12-30"]
[Round "3.3"]
[White "Traczyk, Tadeusz"]
[Black "Zelajtys, Jozef"]
[Result "1-0"]
[WhiteTitle "I"]
[BlackTitle "I"]
[WhiteElo "1811"]
[BlackElo "1704"]

1. e4 e6 2. d4 d5 3. Nc3 Bb4 4. e5 c5 5. Qg4 g6 6. a3 cxd4 7. axb4 dxc3 8. bxc3
Qc7 9. Qd4 Nc6 10. Bb5 Bd7 11. Bxc6 Bxc6 12. Ne2 a6 13. O-O Bb5 14. Re1 h6 15.
Bf4 Ne7 16. Qd2 g5 17. Bg3 Rc8 18. Ra3 Nf5 19. Nd4 Nxd4 20. Qxd4 Qc4 21. Qxc4
Rxc4 22. f3 h5 23. Bf2 g4 24. Bd4 gxf3 25. gxf3 Rc8 26. Kf2 Ke7 27. Raa1 Rcg8
28. Rg1 Rg6 29. Rxg6 fxg6 30. Rg1 Be8 31. Be3 1-0

[Event "Druzynowe Mistrzostwa Polski Niewidomych i Slabowidzacych w Szachach"]
[Site "Wielspin Wagrowiec"]
[Date "1899-12-30"]
[Round "3.4"]
[White "Perszewska, Krystyna"]
[Black "Golebiowska-fryga, Barbara"]
[Result "1-0"]
[WhiteTitle "I"]
[BlackTitle "II"]
[WhiteElo "1449"]
[BlackElo "1263"]

1. d4 Nf6 2. c4 g6 3. Nc3 e6 4. Nf3 Nc6 5. Bg5 d5 6. e3 Be7 7. Bd3 O-O 8. O-O Re8
9. Re1 Qd7 10. cxd5 exd5 11. Rc1 b6 12. Bxf6 Bxf6 13. a3 Bb7 14. Ne2 a6 15. Ng3
Nd8 16. Qc2 Rc8 17. e4 dxe4 18. Nxe4 Bxe4 19. Bxe4 Ne6 20. Bc6 1-0

[Event "Druzynowe Mistrzostwa Polski Niewidomych i Slabowidzacych w Szachach"]
[Site "Wielspin Wagrowiec"]
[Date "1899-12-30"]
[Round "3.5"]
[White "Pawelec, Bartosz"]
[Black "Grzywacz, Ryszard"]
[Result "1-0"]
[WhiteTitle "k"]
[BlackTitle "I"]
[WhiteElo "1978"]
[BlackElo "1704"]

1. e4 e5 2. Nf3 d6 3. d4 exd4 4. Nxd4 Nf6 5. Nc3 Bd7 6. Bc4 Nc6 7. O-O Be7 8. f4
O-O 9. Kh1 a6 10. a4 Qc8 11. a5 Bg4 12. Nxc6 bxc6 13. Qd3 Nd7 14. Be3 Bf6 15.
Bd4 c5 16. Bxf6 Nxf6 17. f5 Re8 18. h3 Bh5 19. g4 Bxg4 20. hxg4 Nxg4 21. Qg3 Ne5
22. f6 g6 23. Qh4 h5 24. Be2 Ng4 25. Bxg4 Qxg4 26. Qxg4 hxg4 27. Rg1 Re6 28. Raf1
Rb8 29. b3 c6 30. Rxg4 Rb4 31. Kg2 1-0

[Event "Druzynowe Mistrzostwa Polski Niewidomych i Slabowidzacych w Szachach"]
[Site "Wielspin Wagrowiec"]
[Date "1899-12-30"]
[Round "3.6"]
[White "Pawlik, Tomasz"]
[Black "Lipski, Tadeusz"]
[Result "0-1"]
[WhiteTitle "II+"]
[BlackTitle "m"]
[WhiteElo "1658"]
[BlackElo "1789"]

1. e4 e5 2. Nf3 f5 3. Nxe5 Nc6 4. Nxc6 dxc6 5. Qe2 Be7 6. Nc3 Nf6 7. d3 O-O 8.
Bd2 b5 9. exf5 Bxf5 10. Ne4 Bxe4 11. dxe4 Qd4 12. c3 Qxe4 13. Qxe4 Nxe4 14. Be3
Rae8 15. Be2 b4 16. Bf3 bxc3 17. Bxe4 cxb2 18. Rb1 Bb4+ 19. Ke2 Rxe4 20. Rxb2
a5 21. Rc2 Rf6 22. Rd1 Kf7 23. Rd7+ Re7 24. Rxe7+ Bxe7 25. Rc4 Bb4 26. Rf4 Rxf4
27. Bxf4 Bd6 28. Bd2 a4 29. Kd3 Ke6 30. h3 Kd5 31. f4 c5 32. g4 c4+ 33. Kc2 g6
34. f5 gxf5 35. gxf5 Be5 36. Bc3 Bf4 37. f6 Ke6 38. Bd4 Bd6 39. Kc3 c5 40. Be3
Kd5 41. f7 Be5+ 42. Kc2 Bg7 43. Bg5 Ke6 44. Be3 Kxf7 45. Bxc5 Ke6 46. Bb4 Kd5
47. Be1 Ke4 48. Bd2 Bf6 49. Be1 h5 50. Bc3 Bxc3 51. Kxc3 Kf3 0-1

[Event "Druzynowe Mistrzostwa Polski Niewidomych i Slabowidzacych w Szachach"]
[Site "Wielspin Wagrowiec"]
[Date "1899-12-30"]
[Round "3.7"]
[White "Wojcieszyn, Zdzislaw"]
[Black "Binkowski, Kazimierz"]
[Result "1-0"]
[WhiteTitle "k"]
[BlackTitle "II"]
[WhiteElo "1904"]
[BlackElo "1567"]

1. c4 e5 2. Nc3 Nf6 3. g3 Bb4 4. Bg2 c6 5. d4 e4 6. Bg5 Bxc3+ 7. bxc3 d5 8. Qb3
O-O 9. c5 h6 10. Bf4 Nbd7 11. c4 Re8 12. a4 g5 13. Bd2 dxc4 14. Qxc4 Nd5 15. h4
e3 16. Bc1 exf2+ 17. Kxf2 Qf6+ 18. Ke1 Ne3 19. Bxe3 Rxe3 20. Bf3 g4 21. Bxg4 Rxg3
22. Bf3 Qf4 23. Rd1 Ne5 24. Qc1 Nxf3+ 25. Nxf3 Qf6 26. Kf2 Rg7 27. Rdg1 Bg4 28.
Qe3 Bxf3 29. Rxg7+ Kxg7 30. exf3 Kf8 31. Qe5 Qxe5 32. dxe5 Rd8 33. Rb1 Rd7 34.
Ke3 Ke7 35. f4 Kd8 36. Ke4 Kc7 37. a5 Rd5 38. Rc1 Rd2 39. Kf5 Rf2 40. Rc4 Ra2
41. Kf6 Rxa5 42. Kxf7 b5 43. cxb6+ axb6 44. Kf6 c5 45. e6 Kd6 46. Re4 Ra8 47.
Kf7 b5 48. e7 c4 49. e8=Q Rxe8 50. Kxe8 c3 51. f5 c2 52. Re1 b4 53. f6 b3 54.
f7 1-0

[Event "Druzynowe Mistrzostwa Polski Niewidomych i Slabowidzacych w Szachach"]
[Site "Wielspin Wagrowiec"]
[Date "1899-12-30"]
[Round "3.8"]
[White "Inglot, Marian"]
[Black "Stachanczyk, Jacek"]
[Result "0-1"]
[WhiteTitle "II"]
[BlackTitle "IM"]
[WhiteElo "1410"]
[BlackElo "2188"]

1. e4 c5 2. Nf3 Nc6 3. Bc4 e6 4. d3 Be7 5. Be3 d6 6. Nc3 Nf6 7. Qd2 d5 8. Bb5 d4
9. O-O-O dxe3 10. Qxe3 O-O 11. h4 Nd4 12. Bc4 Rb8 13. g4 b5 14. Bb3 b4 15. Ne2
Nxg4 16. Qf4 Nxe2+ 0-1

[Event "Druzynowe Mistrzostwa Polski Niewidomych i Slabowidzacych w Szachach"]
[Site "Wielspin Wagrowiec"]
[Date "1899-12-30"]
[Round "3.9"]
[White "Dukaczewski, Piotr"]
[Black "Bialas, Stanislaw"]
[Result "1-0"]
[WhiteTitle "IM"]
[BlackTitle "II"]
[WhiteElo "2229"]
[BlackElo "1465"]

1. d4 g6 2. c4 Bg7 3. Nc3 c6 4. e4 d6 5. Nf3 Bg4 6. Be3 Nd7 7. Be2 Bxf3 8. Bxf3
Ngf6 9. O-O O-O 10. Qc2 e5 11. Rad1 Qc7 12. b4 Rfd8 13. Be2 exd4 14. Bxd4 Ne8
15. Be3 Nef6 16. f4 a6 17. c5 dxc5 18. e5 Nd5 19. Nxd5 cxd5 20. Rxd5 1-0

[Event "Druzynowe Mistrzostwa Polski Niewidomych i Slabowidzacych w Szachach"]
[Site "Wielspin Wagrowiec"]
[Date "1899-12-30"]
[Round "3.10"]
[White "Jagiela, Andrzej"]
[Black "Wolanski, Michal"]
[Result "0-1"]
[WhiteTitle "I"]
[BlackTitle "I++"]
[WhiteElo "1737"]
[BlackElo "1876"]

1. e4 c5 2. Nf3 g6 3. d4 cxd4 4. Qxd4 Nf6 5. e5 Nc6 6. Qc3 Nd5 7. Qc4 Nb6 8. Qe4
d5 9. exd6 Bf5 10. dxe7 Bxe7 11. Qf4 Bxc2 12. Bb5 Qd1# 0-1

[Event "Druzynowe Mistrzostwa Polski Niewidomych i Slabowidzacych w Szachach"]
[Site "Wielspin Wagrowiec"]
[Date "1899-12-30"]
[Round "3.11"]
[White "Debowska, Teresa"]
[Black "Jagiela, Elzbieta"]
[Result "1-0"]
[WhiteTitle "WFM"]
[BlackTitle "II"]
[WhiteElo "1721"]
[BlackElo "1412"]

1. e4 e5 2. d4 d6 3. dxe5 dxe5 4. Qxd8+ Kxd8 5. Nc3 Nf6 6. Bg5 Be7 7. O-O-O Ke8
8. Nb5 Na6 9. Be3 b6 10. Nc3 Bb7 11. f3 Bc8 12. Bb5+ Kf8 13. Bc6 Rb8 14. a3 g6
15. Bh6+ Kg8 16. Nb5 Bf8 17. Bxf8 Kxf8 18. Nxa7 Bb7 19. b4 Bxc6 20. Nxc6 Ra8 21.
Nxe5 Nb8 22. Rd8+ Kg7 23. Rxh8 Kxh8 24. Kb2 Kg7 25. Ne2 Nbd7 26. Nxd7 Nxd7 27.
f4 Re8 28. Nc3 Nf6 29. e5 Ng8 30. Rd1 f6 31. Rd7+ Re7 32. exf6+ Kxf6 33. Nd5+
1-0

[Event "Druzynowe Mistrzostwa Polski Niewidomych i Slabowidzacych w Szachach"]
[Site "Wielspin Wagrowiec"]
[Date "1899-12-30"]
[Round "3.12"]
[White "Ruszczycki, Jacek"]
[Black "Sargalski, Andrzej"]
[Result "1/2-1/2"]
[WhiteTitle "k"]
[BlackTitle "I++"]
[WhiteElo "1859"]
[BlackElo "1840"]

1. e4 d5 2. exd5 Nf6 3. Nc3 Nxd5 4. Nxd5 Qxd5 5. Qf3 Qxf3 6. Nxf3 Nc6 7. a3 Bg4
8. Be2 e6 9. O-O O-O-O 10. d3 Be7 11. Be3 Bf6 12. Rab1 a6 13. h3 Bxf3 14. Bxf3
Nd4 15. Bxd4 Rxd4 16. Rfe1 Rhd8 17. Re4 h6 18. Rbe1 Rxe4 19. Bxe4 Bxb2 20. Rb1
Bxa3 21. Bxb7+ Kd7 22. Bxa6 Ra8 23. Bc4 Bd6 24. Kf1 Be5 25. Ke2 Ra1 26. Rxa1 Bxa1
27. g4 g5 28. Ke3 c5 29. Ke4 Kd6 30. f4 f6 31. fxg5 hxg5 32. Bb3 Bb2 33. Bc4 Bc3
1/2-1/2

[Event "Druzynowe Mistrzostwa Polski Niewidomych i Slabowidzacych w Szachach"]
[Site "Wielspin Wagrowiec"]
[Date "1899-12-30"]
[Round "3.13"]
[White "Wyrzykowski, Jozef"]
[Black "Kopiec, Miroslaw"]
[Result "0-1"]
[WhiteTitle "I"]
[BlackTitle "II+"]
[WhiteElo "1642"]
[BlackElo "1705"]

1. c4 Nf6 2. Nc3 g6 3. Nf3 Bg7 4. d4 d6 5. e3 b6 6. g3 Bb7 7. Bg2 O-O 8. O-O Nbd7
9. Qc2 e5 10. dxe5 Nxe5 11. Nxe5 Bxg2 12. Kxg2 dxe5 13. Rd1 Qe7 14. b3 Rad8 15.
Bb2 Rxd1 16. Rxd1 Re8 17. Qd3 a6 18. Nd5 Nxd5 19. Qxd5 e4 20. Bxg7 Kxg7 21. Qd7
f5 22. Qd4+ Kg8 23. Kf1 c5 24. Qd6 Qxd6 25. Rxd6 Rb8 26. Ke2 Kg7 27. Rd7+ Kh6
28. Ra7 a5 29. Rd7 b5 30. cxb5 Rxb5 31. Rd5 a4 32. bxa4 Ra5 33. Rd2 Rxa4 34. Rc2
c4 35. Kd1 Kg5 36. h3 Kf6 37. Kc1 Ke5 38. Rd2 g5 39. Kb2 f4 40. a3 h5 41. g4 hxg4
42. hxg4 fxe3 43. fxe3 Ra8 44. Rf2 Rb8+ 45. Kc2 Rb3 46. Rf5+ Kd6 47. a4 Rxe3 48.
a5 Ra3 49. Rxg5 e3 50. a6 Ra1 51. Rg6+ Kd5 52. Rg8 Rxa6 53. Rd8+ Ke4 54. Kc3 Rc6
55. g5 Kf3 56. Rf8+ Ke2 57. Rf6 Rc8 58. g6 Rg8 59. Kxc4 Kd2 60. Rd6+ Ke1 61. Kd3
e2 62. Kd4 Re8 63. g7 Kd2 64. Kc4+ Kc2 65. g8=Q Rxg8 66. Re6 Rg4+ 67. Kb5 Kd3
68. Rd6+ Rd4 69. Re6 Re4 70. Rd6+ Ke3 0-1

[Event "Druzynowe Mistrzostwa Polski Niewidomych i Slabowidzacych w Szachach"]
[Site "Wielspin Wagrowiec"]
[Date "1899-12-30"]
[Round "3.14"]
[White "Szydlowski, Wiktor"]
[Black "Skiera, Edward"]
[Result "1-0"]
[WhiteTitle "I"]
[BlackTitle "II"]
[WhiteElo "1724"]
[BlackElo "1442"]

1. e4 e5 2. Nf3 Nc6 3. d4 exd4 4. Bc4 Be7 5. c3 d6 6. cxd4 Bd7 7. O-O a6 8. Qb3
Kf8 9. Bxf7 Nf6 10. e5 dxe5 11. dxe5 Ne8 12. Rd1 Qb8 13. Rxd7 1-0

[Event "Druzynowe Mistrzostwa Polski Niewidomych i Slabowidzacych w Szachach"]
[Site "Wielspin Wagrowiec"]
[Date "1899-12-30"]
[Round "3.15"]
[White "Chojnowski, Marcin"]
[Black "Kowalczyk, Marian"]
[Result "1-0"]
[WhiteTitle "k+"]
[BlackTitle "I++"]
[WhiteElo "2066"]
[BlackElo "1946"]

1. d4 d5 2. Nf3 Nf6 3. c4 e6 4. g3 c5 5. cxd5 exd5 6. Bg2 Nc6 7. O-O c4 8. b3 cxb3
9. Qxb3 Be7 10. Bg5 O-O 11. Nc3 Na5 12. Qd1 Be6 13. Rb1 Rc8 14. Qd3 b6 15. Rbc1
Nc4 16. Nd1 Ne4 17. Bxe7 Qxe7 18. Ne3 Nxe3 19. Qxe3 f6 20. Nd2 f5 21. Nf3 Rxc1
22. Rxc1 Rc8 23. Rxc8+ Bxc8 24. Ne5 Qc7 25. Bxe4 fxe4 26. Kg2 Be6 27. Qg5 Qc8
28. g4 Qc7 29. h3 b5 30. h4 a5 31. h5 Kh8 32. h6 Bg8 33. Nc6 gxh6 34. Qf6+ Qg7
35. Qxg7+ Kxg7 36. Nxa5 Be6 37. Kg3 Kf6 38. Nc6 Kg5 39. f4+ exf3 40. exf3 Bc8
41. Ne5 Be6 42. Nd3 Bc8 43. Nf4 Bb7 44. a3 Bc6 45. Nh5 Bd7 46. f4+ Kg6 47. f5+
Kg5 48. Nf4 Bc6 49. Ne6+ Kf6 50. Kf4 Bd7 51. Nc5 Bc8 52. Nd3 Bd7 53. Nf2 Bc8 54.
Nh1 Bd7 55. Ng3 Be8 56. Nh5+ Kf7 57. Ke5 Bc6 58. Nf6 Kg7 59. Ke6 h5 60. Nxh5+
Kh6 61. Kf6 Bd7 62. Nf4 1-0

[Event "Druzynowe Mistrzostwa Polski Niewidomych i Slabowidzacych w Szachach"]
[Site "Wielspin Wagrowiec"]
[Date "1899-12-30"]
[Round "3.16"]
[White "Niecko, Stanislaw"]
[Black "Suder, Ryszard"]
[Result "0-1"]
[WhiteTitle "I+"]
[BlackTitle "k+"]
[WhiteElo "1795"]
[BlackElo "2053"]

1. Nf3 Nf6 2. c4 g6 3. g3 Bg7 4. Bg2 O-O 5. O-O d5 6. cxd5 Nxd5 7. Nc3 c5 8. Qb3
Nb6 9. d3 Nc6 10. Bd2 c4 11. dxc4 Be6 12. Rfd1 Bxc4 13. Qc2 Rc8 14. Bh6 Qc7 15.
Bxg7 Kxg7 16. b3 Be6 17. Qb2 Kg8 18. Rac1 Rfd8 19. Ng5 Rxd1+ 20. Nxd1 Bd7 21.
b4 Qd6 22. Qb3 Be8 23. Bxc6 Rxc6 24. Rxc6 Qxc6 25. Qc3 Qd5 26. Qc1 Qxa2 27. Qc7
Qd5 28. Qc1 Bc6 29. Nf3 Kg7 30. Ne3 Qa2 31. Qc3+ f6 32. Nd4 Qb1+ 33. Nf1 Qe4 34.
f3 Qd5 35. Nxc6 bxc6 36. Kf2 Qd6 37. Ne3 Nd5 38. Nxd5 cxd5 39. Qd4 a6 40. Qd3
Kf7 41. h4 h5 42. Kg2 e5 43. Kf2 Qc6 44. Qb3 Ke6 45. Qd3 f5 46. Kg2 Qb5 47. Qd2
e4 48. f4 Qc4 49. e3 d4 50. exd4 Kd5 51. Qb2 0-1

[Event "Druzynowe Mistrzostwa Polski Niewidomych i Slabowidzacych w Szachach"]
[Site "Wielspin Wagrowiec"]
[Date "1899-12-30"]
[Round "3.17"]
[White "Zoltek, Tadeusz"]
[Black "Pociejowski, Marek"]
[Result "1-0"]
[WhiteTitle "FM"]
[BlackTitle "I++"]
[WhiteElo "2095"]
[BlackElo "1886"]

1. Nf3 d5 2. d4 Nf6 3. c4 e6 4. Nc3 Nbd7 5. cxd5 exd5 6. Bg5 c6 7. e3 Bd6 8. Bd3
O-O 9. Qc2 Qc7 10. Rc1 a6 11. Bh4 h6 12. Bg3 Re8 13. O-O c5 14. dxc5 Qxc5 15.
Qb3 Bxg3 16. hxg3 Qa5 17. Bb1 Nc5 18. Qc2 Nce4 19. Qa4 Qd8 20. Rfd1 Bd7 21. Qd4
Bc6 22. Ne5 Rxe5 23. Qxe5 Nxf2 24. Rd4 N2g4 25. Qf4 Qe7 26. Re1 Re8 27. Nd1 Qc5
28. Bf5 h5 29. Bxg4 Nxg4 30. Nf2 Nf6 31. Nd3 Qc2 32. Qf2 Qxf2+ 33. Nxf2 a5 34.
g4 hxg4 35. Nxg4 Ne4 36. Nf2 Ng3 37. Kh2 Nf5 38. Rd3 f6 39. g4 Nd6 40. b3 Kf7
41. Rd4 Nb5 42. Rd3 Nd6 43. Red1 Ke6 44. Rd4 Nb5 45. R4d3 Nd6 46. a4 g5 47. Rc1
Nf7 48. Rd4 Ne5 49. Kg3 f5 50. gxf5+ Kxf5 51. Rc5 Nd7 52. e4+ Ke5 53. Rcxd5+ Bxd5
54. Rxd5+ Ke6 55. Rxa5 Kf6 56. Rb5 b6 57. Rd5 Re7 58. Ng4+ Kg6 59. Rxd7 Rxe4 60.
Rd6+ Kf5 61. Rf6# 1-0

[Event "Druzynowe Mistrzostwa Polski Niewidomych i Slabowidzacych w Szachach"]
[Site "Wielspin Wagrowiec"]
[Date "1899-12-30"]
[Round "3.18"]
[White "Stolarczyk, Anna"]
[Black "Malcer, Joanna"]
[Result "1-0"]
[WhiteTitle "WCM"]
[BlackTitle "I"]
[WhiteElo "1947"]
[BlackElo "1538"]

1. d4 d5 2. c4 e6 3. Nc3 Nf6 4. Bg5 Nbd7 5. e3 c6 6. Nf3 Be7 7. Rc1 O-O 8. Bd3
dxc4 9. Bxc4 Nd5 10. Bxe7 Qxe7 11. O-O b6 12. Nxd5 cxd5 13. Bd3 Qd6 14. Qe2 Bb7
15. Rc3 Rac8 16. Rfc1 Rxc3 17. Rxc3 Rc8 18. Rxc8+ Bxc8 19. Qc2 Qb8 20. Bxh7+ Kf8
21. Bd3 Bb7 22. h3 Qc8 23. Qxc8+ Bxc8 24. Kf1 f5 25. Ke2 Ke7 26. a3 a5 27. g4
g6 28. Nd2 Kf6 29. f4 g5 30. gxf5 exf5 31. Kf3 Nf8 32. Nb1 Bd7 33. Nc3 Bc6 34.
Bb1 Ne6 35. fxg5+ Kxg5 36. Ba2 Nc7 37. h4+ Kh5 38. Kf4 Kxh4 39. Kxf5 Kg3 40. Ke5
Ba8 41. Nxd5 Nxd5 42. Bxd5 1-0

[Event "Druzynowe Mistrzostwa Polski Niewidomych i Slabowidzacych w Szachach"]
[Site "Wielspin Wagrowiec"]
[Date "1899-12-30"]
[Round "4.2"]
[White "Pociejowski, Marek"]
[Black "Zelajtys, Jozef"]
[Result "1-0"]
[WhiteTitle "I++"]
[BlackTitle "I"]
[WhiteElo "1886"]
[BlackElo "1704"]

1. d4 Nf6 2. c4 g6 3. Nc3 Bg7 4. e4 d6 5. f4 Nbd7 6. e5 Ng8 7. Nf3 e6 8. Be3 Ne7
9. Bd3 dxe5 10. dxe5 c6 11. O-O O-O 12. Qe2 Re8 13. Rad1 Qc7 14. Ne4 Nf5 15. Bf2
h5 16. Nd4 Bf8 17. a3 b6 18. g4 hxg4 19. Qxg4 Be7 20. Nxe6 fxe6 21. Qxg6+ Ng7
22. Nf6+ Nxf6 23. exf6 Bxf6 24. Qxf6 Qf7 25. Bh7+ Kf8 26. Bh4 Qxf6 27. Bxf6 Kf7
28. Bxg7 Kxg7 29. Be4 Rb8 30. Bxc6 Re7 31. Rd8 Rf7 32. Bb5 Rf8 33. Rxf8 Kxf8 34.
Kf2 Bb7 35. Ke3 Rd8 36. Rf2 a6 37. Ba4 Rc8 38. Kd4 Rc5 39. b4 Rh5 40. Bc2 Ke7
41. a4 Kf6 42. Bd3 Bc6 43. b5 axb5 44. axb5 Bd7 45. Ra2 Ke7 46. Ra6 Rxh2 47. Rxb6
Rd2 1-0

[Event "Druzynowe Mistrzostwa Polski Niewidomych i Slabowidzacych w Szachach"]
[Site "Wielspin Wagrowiec"]
[Date "1899-12-30"]
[Round "4.3"]
[White "Kaciotys, Mieczyslaw"]
[Black "Stolarczyk, Anna"]
[Result "0-1"]
[WhiteTitle "II+"]
[BlackTitle "WCM"]
[WhiteElo "1668"]
[BlackElo "1947"]

1. e4 c5 2. c3 d5 3. Bb5+ Bd7 4. Qa4 dxe4 5. Bxd7+ Qxd7 6. Qxe4 Nf6 7. Qc4 e6 8.
Nf3 Nc6 9. Na3 a6 10. Nc2 b5 11. Qe2 Bd6 12. d4 cxd4 13. Ncxd4 O-O 14. Be3 Nd5
15. Rd1 Nxe3 16. Qxe3 Rad8 17. O-O Rfe8 18. Ng5 Nxd4 19. Rxd4 Qc7 20. Rh4 h6 21.
Ne4 Be7 22. Rh3 Rd7 23. f4 f5 24. Nf2 Bc5 25. Qc1 e5 26. fxe5 Qxe5 27. Kh1 Bxf2
28. Rxf2 Qe1+ 29. Rf1 Qxc1 30. Rxc1 Re2 31. Rf3 Rdd2 32. Rg1 Rxb2 33. Rxf5 Rxa2
34. Rc5 Rec2 35. Rc7 Ra3 36. Ra7 Rcxc3 37. g4 Ra2 38. Rd1 Rcc2 39. h3 Rh2+ 40.
Kg1 Rxh3 41. Rdd7 Rg3+ 0-1

[Event "Druzynowe Mistrzostwa Polski Niewidomych i Slabowidzacych w Szachach"]
[Site "Wielspin Wagrowiec"]
[Date "1899-12-30"]
[Round "4.4"]
[White "Spychala, Jozefa"]
[Black "Perszewska, Krystyna"]
[Result "1/2-1/2"]
[WhiteTitle "I"]
[BlackTitle "I"]
[WhiteElo "1420"]
[BlackElo "1449"]

1. d4 d5 2. c4 e6 3. Nc3 Nf6 4. Bg5 Be7 5. e3 O-O 6. Nf3 Nbd7 7. Bd3 h6 8. Bh4
c5 9. O-O a6 10. a4 dxc4 11. Bxc4 Nb6 12. Bd3 Nbd5 13. Qc2 cxd4 14. Nxd4 Nxc3
15. Qxc3 Nd5 16. Bxe7 Qxe7 17. Qd2 Bd7 18. Rfc1 Rac8 19. b3 Rfd8 20. Rxc8 Rxc8
21. Rc1 Qd8 22. Bc4 Nf6 23. Bd3 Rc7 24. Rxc7 Qxc7 25. Qc2 Qxc2 26. Bxc2 a5 27.
Nf3 Bc6 28. Ne5 Bd5 29. f3 Kf8 30. e4 Bc6 31. Nd3 Nd7 32. Nf4 g5 1/2-1/2

[Event "Druzynowe Mistrzostwa Polski Niewidomych i Slabowidzacych w Szachach"]
[Site "Wielspin Wagrowiec"]
[Date "1899-12-30"]
[Round "4.5"]
[White "Lazuka, Jan"]
[Black "Chojnowski, Marcin"]
[Result "0-1"]
[WhiteTitle "III"]
[BlackTitle "k+"]
[WhiteElo "1274"]
[BlackElo "2066"]

1. e4 c5 2. Bc4 b6 3. h3 Nf6 4. Nc3 e6 5. Nf3 Nc6 6. O-O a6 7. a3 b5 8. Ba2 b4
9. axb4 cxb4 10. Nb1 Nxe4 11. d3 Nf6 12. b3 Be7 13. Bb2 O-O 14. Nbd2 Bb7 15. Bb1
Nd5 16. Nd4 Nxd4 17. Bxd4 Bf6 18. Bxf6 Qxf6 19. Ba2 Rac8 20. Ne4 Qg6 21. Qg4 Qxg4
22. hxg4 0-1

[Event "Druzynowe Mistrzostwa Polski Niewidomych i Slabowidzacych w Szachach"]
[Site "Wielspin Wagrowiec"]
[Date "1899-12-30"]
[Round "4.6"]
[White "Suder, Ryszard"]
[Black "Sargalski, Andrzej"]
[Result "1-0"]
[WhiteTitle "k+"]
[BlackTitle "I++"]
[WhiteElo "2053"]
[BlackElo "1840"]

1. Nf3 Nf6 2. g3 c5 3. c4 Nc6 4. Bg2 d5 5. cxd5 Nxd5 6. O-O e5 7. d3 Be6 8. Ng5
Qd7 9. Nxe6 Qxe6 10. Nc3 Nxc3 11. bxc3 Rc8 12. Qa4 a6 13. Rb1 Qd7 14. Be3 Be7
15. Rb6 O-O 16. Rfb1 Rc7 17. Bxc6 bxc6 18. Qc4 g6 19. Bxc5 Bxc5 20. Qxc5 Qd5 21.
Qa3 e4 22. Rb8 Rcc8 23. Rxc8 Rxc8 24. Qxa6 Re8 25. c4 Qc5 26. Qb6 Qxb6 27. Rxb6
exd3 28. exd3 Rd8 29. Rb3 Ra8 30. a3 c5 31. Kf1 Kg7 32. Ke2 Kf6 33. d4 cxd4 34.
Kd3 Ke5 35. f4+ Kd6 36. Kxd4 Kc6 37. Re3 Ra7 38. g4 h6 39. Rh3 Rd7+ 40. Ke5 Kc5
41. Rxh6 Kxc4 42. f5 Rd5+ 1-0

[Event "Druzynowe Mistrzostwa Polski Niewidomych i Slabowidzacych w Szachach"]
[Site "Wielspin Wagrowiec"]
[Date "1899-12-30"]
[Round "4.7"]
[White "Wyrzykowski, Jozef"]
[Black "Zoltek, Tadeusz"]
[Result "0-1"]
[WhiteTitle "I"]
[BlackTitle "FM"]
[WhiteElo "1642"]
[BlackElo "2095"]

1. c4 c5 2. Nc3 Nc6 3. g3 g6 4. Bg2 Bg7 5. Nf3 d6 6. a3 Rb8 7. e4 a6 8. Qc2 e6
9. d3 Nge7 10. Rb1 b5 11. b3 b4 12. Na4 bxa3 13. Bxa3 Qa5+ 14. Ke2 O-O 15. Bb2
Bxb2 16. Rxb2 e5 17. Rhb1 f5 18. Qd2 fxe4 19. dxe4 Qxd2+ 20. Kxd2 Nd4 21. Ke3
Bh3 22. Bh1 Nec6 23. Nc3 Rb7 24. Nd5 Bg4 25. Ng1 Na5 26. f3 Be6 27. Kd3 Bxd5 28.
exd5 Naxb3 29. Kc3 Rfb8 30. f4 exf4 31. gxf4 Re8 32. Kd3 Rbe7 33. Re2 Nxe2 34.
Kc2 Nbd4+ 35. Kd2 Nxg1 36. Rxg1 Re2+ 37. Kd1 Rb8 0-1

[Event "Druzynowe Mistrzostwa Polski Niewidomych i Slabowidzacych w Szachach"]
[Site "Wielspin Wagrowiec"]
[Date "1899-12-30"]
[Round "4.8"]
[White "Malcer, Joanna"]
[Black "Spionkowski, Fabian"]
[Result "1/2-1/2"]
[WhiteTitle "I"]
[BlackTitle "II"]
[WhiteElo "1538"]
[BlackElo "1302"]

1. e4 d6 2. d4 Nf6 3. Nc3 g6 4. Nf3 Bg7 5. Bc4 O-O 6. O-O a6 7. a4 Bg4 8. h3 Bxf3
9. Qxf3 Nc6 10. Be3 e5 11. Rad1 exd4 12. Bxd4 Nxd4 13. Rxd4 Nd7 14. Rdd1 Ne5 15.
Qe2 Qd7 16. Bb3 Kh8 17. Nd5 Rab8 18. c4 b5 19. axb5 axb5 20. cxb5 Rxb5 21. Ba4
Rxb2 22. Bxd7 Rxe2 23. Bb5 Rxe4 24. Nxc7 Rd8 25. Rd5 Bf8 26. Rfd1 Be7 27. Ne8
Rb4 28. Nc7 Rc8 29. Na6 Rb2 30. R1d2 Rc1+ 31. Kh2 1/2-1/2